ESSENTIALS OF CRIMINAL PROCEDURE IN KENYA (Record no. 166252)

MARC details
000 -LEADER
fixed length control field 00436nam a2200169Ia 4500
003 - CONTROL NUMBER IDENTIFIER
control field OSt
005 - DATE AND TIME OF LATEST TRANSACTION
control field 20250912114359.0
020 ## - INTERNATIONAL STANDARD BOOK NUMBER
International Standard Book Number 9966-1511-1-7
040 ## - CATALOGING SOURCE
Transcribing agency LC
050 ## - LIBRARY OF CONGRESS CALL NUMBER
Classification number KSK 4610 .K53 2010
Item number 1
100 ## - MAIN ENTRY--PERSONAL NAME
Personal name KIAGE, PATRICK
245 #0 - TITLE STATEMENT
Title ESSENTIALS OF CRIMINAL PROCEDURE IN KENYA
260 ## - PUBLICATION, DISTRIBUTION, ETC.
Place of publication, distribution, etc. NAIROBI,
Name of publisher, distributor, etc. LAWAFRICA PUBLISHING,
Date of publication, distribution, etc. 2010,
300 ## - PHYSICAL DESCRIPTION
Extent XIiX, 222 P, ILL
650 ## - SUBJECT ADDED ENTRY--TOPICAL TERM
Topical term or geographic name entry element Criminal procedure-Kenya
942 ## - ADDED ENTRY ELEMENTS (KOHA)
Koha item type Long Loan Book
Source of classification or shelving scheme Dewey Decimal Classification
Suppress in OPAC No
Holdings
Withdrawn status Lost status Source of classification or shelving scheme Damaged status Not for loan Collection Home library Current library Shelving location Date acquired Inventory number Total checkouts Full call number Barcode Date last seen Date last checked out Copy number Price effective from Koha item type
    Library of Congress Classification     Law Kisii University Library Kisii University Library On Display 09/15/2023 27047 2 KSK 4610 .K53 2010 033308 10/07/2024 09/24/2024 1 09/15/2023 Long Loan Book